| 000 | 00622nam a2200229Ia 4500 | ||
|---|---|---|---|
| 003 | OSt | ||
| 005 | 20220924124000.0 | ||
| 006 | a|||||r|||| 00| 0 | ||
| 007 | ta | ||
| 008 | 220923b |||||||| |||| 00| 0 san d | ||
| 024 | _a17158 | ||
| 037 | _cTextual | ||
| 040 |
_aARTS _cARTS _bsan |
||
| 041 |
_2san _asan |
||
| 082 | _aQ111:23, 15K9 | ||
| 100 |
_aKeith Arthur Berriedale Ed. _973606 |
||
| 245 | 0 | _aAitareya Aranyaka | |
| 260 |
_aNew Delhi _b Master Publishers _c1969 |
||
| 650 | _aRELIGION | ||
| 942 |
_hQ111:23, 15K9 _cTEXL _2CC |
||
| 999 |
_c417930 _d417930 |
||